| 000 | 00671nam a22001937a 4500 | ||
|---|---|---|---|
| 005 | 20260326154835.0 | ||
| 008 | 131113b2010 ck ||||| |||| 00| 0 spa d | ||
| 040 |
_aCO-BoIAVH _cCO-BoIAVH |
||
| 041 | _aspa | ||
| 044 | _acr | ||
| 090 |
_aIAVH _b01481 |
||
| 110 | _aInstituto de Investigación de Recursos Biológicos Alexander von Humboldt | ||
| 245 | _aInforme gestión institucional anual 2009 | ||
| 260 |
_aBogotá _bInstituto de Investigación de Recursos Biológicos Alexander von Humboldt _c2010 |
||
| 300 |
_a138 p. _bil. (col) _c27 cm. |
||
| 650 |
_aGestión de la biodiversidad _vinformes _zColombia |
||
| 650 |
_aInforme de gestión _92508 |
||
| 942 |
_2z _cINFORME |
||
| 999 |
_c7787 _d7787 |
||